000
00234 a2200109 4500
001
63433
082
_b
823 SAN
090
_c
37491
_d
37491
100
_a
Sanders, L
245
_a
The Scond Deadly Sin
_h
English
260
_b
Berkley Books
942
_a
CAE NUST
_k
823 SAN
999
_c
298506
_d
298506